00413nam a2200121Ia 4500008004100000082001600041100002700057245005200084260004500136365000600181630005200187730005200239100415s9999 xx 000 0 und d b1016a574.9 aDUNCAN P. MARTIN [ED.] aCassel's natural history: 001016- Vol.I:- Vol.I aLONDONc0bCASSELL, PETTER, GALPIN & CO. b0 aCassel's natural history: 001016- Vol.I:- Vol.I aCassel's natural history: 001016- Vol.I:- Vol.I